Desserts from 'A' - Statistics

General Stats
  • This quiz has been taken 67 times
  • The average score is 2 of 16
Answer Stats
Picture Answer % Correct
Apple pie
98%
Affogato
38%
Apple Strudel
32%
Angel Food Cake
30%
Arctic roll
7%
Anzac biscuit
4%
Alfajor
2%
Asida
2%
Abrystir
0%
Acaí na tigela
0%
Akanes
0%
Alexander Torte
0%
Amandine
0%
Angel Wings
0%
Arany galuska
0%
Ashure
0%
No matching quizzes found
Score Distribution
Percent of People with Each Score
Percentile by Number Answered
Your Score History
You have not taken this quiz